Enchiridion symbolorum definitionum et declarationum de rebus fidei et morum (Record n. 75698)
[ formato base ]
| 000 -LEADER | |
|---|---|
| fixed length control field | 01705nam a2200325Ia 4500 |
| 001 - CONTROL NUMBER | |
| control field | D5349 |
| 003 - CONTROL NUMBER IDENTIFIER | |
| control field | IT-RoPAU |
| 008 - FIXED-LENGTH DATA ELEMENTS--GENERAL INFORMATION | |
| fixed length control field | 130308s9999 xx 000 0 und d |
| 040 ## - CATALOGING SOURCE | |
| Original cataloging agency | IT-RoPAU |
| 040 ## - CATALOGING SOURCE | |
| Transcribing agency | IT-RoPAU |
| 041 ## - LANGUAGE CODE | |
| Language code of text/sound track or separate title | ITALIANO |
| 999 ## - SYSTEM CONTROL NUMBERS (KOHA) | |
| Koha Dewey Subclass [OBSOLETE] | SI |
| 100 ## - MAIN ENTRY--PERSONAL NAME | |
| Personal name | Denzinger Heinrich |
| 100 ## - MAIN ENTRY--PERSONAL NAME | |
| Miscellaneous information | Codice Aut. SPICS: 45373 |
| 245 ## - TITLE STATEMENT | |
| Title | Enchiridion symbolorum definitionum et declarationum de rebus fidei et morum |
| 245 ## - TITLE STATEMENT | |
| Remainder of title | Enchiridion Symbolorum Definitionum et Declarationum de Rebus fidei et Morum |
| 250 ## - EDITION STATEMENT | |
| Edition statement | 1a ed. |
| 260 ## - PUBLICATION, DISTRIBUTION, ETC. (IMPRINT) | |
| Place of publication, distribution, etc. | BOLOGNA |
| 260 ## - PUBLICATION, DISTRIBUTION, ETC. (IMPRINT) | |
| Name of publisher, distributor, etc. | EDB - Edizioni Dehoniane |
| 260 ## - PUBLICATION, DISTRIBUTION, ETC. (IMPRINT) | |
| Date of publication, distribution, etc. | 1995 [1° Ed.:1995 - Ed.Ling.Originale:1991] |
| 300 ## - PHYSICAL DESCRIPTION | |
| Extent | "2298 p. (prefazione: 68; testo: 2230)" |
| 500 ## - GENERAL NOTE | |
| General note | "Testi dei Simboli, Definizioni e Dichiarazioni del Magistero Ecclesiasticoin materia di fede e Morale. Edizione bilingue in Italiano e Latino. versione Dalla Xxxvii Edizione tedesca a cura di Peter Hunermann. Edizione Originale del 1854. professioni di fede semplici e Composte. Formule Occidentali: Simbolo Apostolico, Formule brevi D'Interrogazione del Simbolo Battesimale. Formule Orientali: Simboli Locali, Simboli contenuti in raccolte Orientali di Canoni. Documentari del Magistero della Chiesa Dalla lettera Ai Corinzi (96 D.C.) di Clemente romano Alla ""Christifideles Laici"" di Giovanni Paolo Ii del 30 Dicembre 1988. indice Sistematico. indice Biblico. indice dei Documenti. indice di Persone e Temi. tavola delle Concordanze dei Numeri Marginali." |
| 650 ## - SUBJECT ADDED ENTRY--TOPICAL TERM | |
| Topical term or geographic name as entry element | TESTI DI DOCUMENTI ECCLESIASTICI |
| 650 ## - SUBJECT ADDED ENTRY--TOPICAL TERM | |
| Relator term | Codice materia Spics: 9101 |
| 700 ## - ADDED ENTRY--PERSONAL NAME | |
| Personal name | Hunermann Peter |
| 700 ## - ADDED ENTRY--PERSONAL NAME | |
| Miscellaneous information | Codice Aut. SPICS: 45374 |
| 942 ## - ADDED ENTRY ELEMENTS (KOHA) | |
| Koha item type | LIBRO |
| 957 ## - | |
| -- | 1 |
| 999 ## - SYSTEM CONTROL NUMBERS (KOHA) | |
| -- | 1 |
| Withdrawn status | Lost status | Damaged status | Not for loan | Home library | Current library | Date acquired | Total Checkouts | Full call number | Date last seen | Price effective from | Koha item type | Public note |
|---|---|---|---|---|---|---|---|---|---|---|---|---|
| Buone Condizioni | Not For Loan | SPICS-MEDIATECA | SPICS-MEDIATECA | 08/03/2013 | D5349 | 08/03/2013 | 08/03/2013 | LIBRO | Progressivo inserimento: 56947 / N. Volumi: 1 Copie: 1 Copia Rara: SI / data import: 1 marzo 2013 - By Epidotti, Trombetti, Vaglietti. |